Statistics for Name a Valid Landlocked Country

Click here to take the quiz!

General Stats

  • This quiz has been taken 590 times
    (585 since last reset)
  • The average score is 17 of 25

Answer Stats

Name a landlocked country...Valid landlocked countries% Correct
that is entirely located in another countryLesotho | San Marino | Vatican City
99%
in South AmericaBolivia | Paraguay
98%
that is a member of the European UnionAustria | Czech Republic | Hungary |
Slovakia | Luxembourg
96%
whose name starts with CCentral African Republic | Chad | Czech Republic
85%
that uses Russian as one of its official languagesBelarus | Kazakhstan | Kyrgyzstan
84%
where at least 50% of residents are BuddhistsBhutan | Laos | Mongolia
82%
that was never colonized by any European countryBhutan | Afghanistan | Mongolia | Nepal | Ethiopia
80%
that is double-landlockedLiechtenstein | Uzbekistan
76%
whose name is one word and consists of
11 or more letters
Afghanistan | Liechtenstein | Switzerland |
Turkmenistan
75%
whose name consists of four lettersMali | Laos | Chad
75%
with more than 30 million peopleEthiopia | Uganda | Afghanistan | Uzbekistan
74%
that is sandwiched between two other countriesAndorra | Bhutan | Eswatini | Liechtenstein |
Moldova | Mongolia | Nepal
71%
whose name contains one of the cardinal directionsNorth Macedonia | South Sudan
70%
whose flag consists of three stripes
* without any symbols or emblems
Hungary | Chad | Mali | Armenia | Austria | Luxembourg
68%
that is less than 50 km away from the oceanSan Marino | Vatican City | Moldova | Laos |
Ethiopia | Eswatini
66%
whose flag consists only of blue, red and whiteCzech Republic | Luxembourg | Laos | Nepal | Slovakia
60%
with a GDP per capita above $60,000 (PPP, 2020)Liechtenstein | Luxembourg | Switzerland
59%
that borders a lake with an area over 30,000 square kmBurundi | Kazakhstan | Azerbaijan | Zambia | Uganda
54%
in Africa, but does not use English or French
as an official language
Ethiopia
54%
that borders 8 other countriesAustria | Serbia | Zambia
52%
recognized by JetPunk but not the UNKosovo
50%
that has more than 10 official languagesBolivia | Zimbabwe
46%
that is named after a riverNiger | Paraguay | Zambia
39%
whose capital's name contains 11 or more lettersAndorra | Burkina Faso | Mongolia | Vatican City
32%
where at least 50% of residents are Shia MuslimsAzerbaijan
23%

Score Distribution

Percentile by Number Answered

Percent of People with Each Score

Your Score History

You have not taken this quiz since the last reset